Normal view
MARC view
- Smith, Arthur Donaldson
Entry Personal Name
001 - CONTROL NUMBER
- control field: 50127
003 - CONTROL NUMBER IDENTIFIER
- control field: NUST
005 - DATE AND TIME OF LATEST TRANSACTION
- control field: 20210314134532.0
008 - FIXED-LENGTH DATA ELEMENTS
- fixed length control field: 210314|| aca||aabn | a|a d
040 ## - CATALOGING SOURCE
- Original cataloging agency: NUST
- Transcribing agency: NUST
100 ## - HEADING--PERSONAL NAME
- Personal name: Smith, Arthur Donaldson
670 ## - SOURCE DATA FOUND
- Source citation: Work cat.: (NUST): Smith, Arthur Donaldson,, Through unknown African countries, 1897, c1896.
